000 01203cam a22003494a 4500
001 3578723
003 SISC
005 20160307142406.0
008 990310s1999 nyua q 000 0beng c
010 _a 99204496
020 _a0312969104
035 _a(OCoLC)40935444
040 _aOCl
_cOCl
_dCoD
_dDLC
042 _apcc
043 _ae-uk-st
050 0 4 _aPN 2604.M38
_b.N53 1999
082 0 0 _aHS 927.9143
_aN53 1999
100 1 _aNickson, Chris.
_913121
245 1 0 _aEwan McGregor /
_cChris Nickson
246 1 4 _aGreat Scot, it's-- Ewan McGregor :
_ban unauthorized biography
250 _aSt. Martin's paperback ed.
260 _aNew York, N.Y. :
_bSt. Martin's Paperbacks,
_cc1999.
300 _a179 p. :
_bill. ;
_c18 cm.
600 1 0 _aMcGregor, Ewan,
_d1971-
_913122
650 0 _aMotion picture actors and actresses
_zScotland
_vBiography.
_913123
856 4 2 _3Publisher description
_uhttp://www.loc.gov/catdir/description/hol057/99204496.html
906 _a7
_bcbc
_cpccadap
_du
_encip
_f19
_gy-gencatlg
942 _2lcc
_cBK
999 _c9296
_d9296